[Event "DEM U10w 2025"]
[Site "Willingen GER"]
[Date "2025.06.12"]
[Round "7"]
[White "Vignesh, Sara"]
[Black "Hleizer, Ahata"]
[Result "1-0"]
[Termination "normal"]
[Board "1"]
[WhiteElo "1604"]
[BlackElo "1594"]
[WhiteClock "00:32:52"]
[BlackClock "00:44:15"]
[PlyCount "113"]
[WhiteFideId "34674756"]
[BlackFideId "34643370"]
[EventCountry "GER"]
[EventRounds "9"]
[EventType "swiss"]
[EventDate "2025.06.07"]

1. d4 {[%clk 01:30:59]} Nf6 {[%clk 01:30:46]} {[%emt 00:00:13]} 2. c4 {[%clk
01:31:27]} {[%emt 00:00:04]} g6 {[%clk 01:30:59]} {[%emt 00:00:16]} 3. Nc3
{[%clk 01:31:53]} {[%emt 00:00:05]} Bg7 {[%clk 01:31:18]} {[%emt 00:00:10]} 4.
e4 {[%clk 01:32:19]} {[%emt 00:00:04]} d6 {[%clk 01:31:29]} {[%emt 00:00:18]}
5. h3 {[%clk 01:32:45]} {[%emt 00:00:04]} O-O {[%clk 01:31:45]} {[%emt
00:00:14]} 6. Bg5 {[%clk 01:33:13]} {[%emt 00:00:03]} c5 {[%clk 01:31:54]}
{[%emt 00:00:21]} 7. d5 {[%clk 01:33:39]} {[%emt 00:00:04]} e6 {[%clk
01:32:11]} {[%emt 00:00:13]} 8. Nf3 {[%clk 01:33:46]} {[%emt 00:00:23]} exd5
{[%clk 01:31:53]} {[%emt 00:00:48]} 9. exd5 {[%clk 01:34:10]} {[%emt 00:00:07]}
Bf5 {[%clk 01:31:35]} {[%emt 00:00:48]} 10. Be2 {[%clk 01:34:01]} {[%emt
00:00:38]} Qb6 {[%clk 01:28:17]} {[%emt 00:03:47]} 11. Qb3 {[%clk 01:25:03]}
{[%emt 00:09:29]} Qxb3 {[%clk 01:24:17]} {[%emt 00:04:29]} 12. axb3 {[%clk
01:25:27]} {[%emt 00:00:07]} Ne4 {[%clk 01:23:40]} {[%emt 00:01:07]} 13. Nxe4
{[%clk 01:18:26]} {[%emt 00:07:31]} Bxe4 {[%clk 01:24:00]} {[%emt 00:00:10]}
14. O-O-O {[%clk 01:17:24]} {[%emt 00:01:32]} a5 {[%clk 01:23:40]} {[%emt
00:00:51]} 15. Kd2 {[%clk 01:07:48]} {[%emt 00:10:05]} Re8 {[%clk 01:17:50]}
{[%emt 00:06:21]} 16. Bf4 {[%clk 01:04:37]} {[%emt 00:03:41]} Rd8 {[%clk
01:17:25]} {[%emt 00:00:55]} 17. Kc1 {[%clk 00:59:26]} {[%emt 00:05:41]} a4
{[%clk 01:17:10]} {[%emt 00:00:46]} 18. Nd2 {[%clk 00:57:28]} {[%emt 00:02:26]}
Bf5 {[%clk 01:15:11]} {[%emt 00:02:30]} 19. g4 {[%clk 00:56:30]} {[%emt
00:01:28]} Bc8 {[%clk 01:11:25]} {[%emt 00:04:16]} 20. Kc2 {[%clk 00:52:42]}
{[%emt 00:04:18]} axb3+ {[%emt 00:03:09]} 21. Kxb3 {[%clk 00:50:50]} {[%emt
00:00:14]} Na6 {[%clk 01:10:31]} {[%emt 00:00:53]} 22. Rhe1 {[%clk 00:44:33]}
{[%emt 00:06:46]} Nb4 {[%clk 01:09:47]} {[%emt 00:01:15]} 23. Ra1 {[%clk
00:43:30]} {[%emt 00:01:32]} Ra6 {[%clk 01:05:41]} {[%emt 00:04:38]} 24. Rxa6
{[%clk 00:42:07]} {[%emt 00:01:52]} Nxa6 {[%clk 01:04:47]} {[%emt 00:01:24]}
25. Ne4 {[%clk 00:41:18]} {[%emt 00:01:18]} Bf8 {[%clk 01:01:12]} {[%emt
00:04:05]} 26. Bg5 {[%clk 00:39:54]} {[%emt 00:01:56]} f6 {[%clk 01:00:03]}
{[%emt 00:01:38]} 27. Nxf6+ {[%clk 00:39:15]} {[%emt 00:01:09]} Kh8 {[%clk
00:58:16]} {[%emt 00:02:17]} 28. Bf3 {[%clk 00:33:02]} {[%emt 00:06:42]} Nc7
{[%clk 00:53:07]} {[%emt 00:05:41]} 29. Nxh7 {[%clk 00:31:58]} {[%emt
00:01:33]} Rd7 {[%clk 00:52:15]} {[%emt 00:01:21]} 30. Nxf8 {[%clk 00:32:17]}
{[%emt 00:00:11]} Rf7 {[%clk 00:51:19]} {[%emt 00:01:27]} 31. Nxg6+ {[%clk
00:32:19]} {[%emt 00:00:28]} Kg7 {[%clk 00:51:19]} {[%emt 00:00:29]} 32. Nf4
{[%clk 00:32:11]} {[%emt 00:00:39]} Kg8 {[%clk 00:50:34]} {[%emt 00:01:15]} 33.
Re7 {[%clk 00:32:06]} {[%emt 00:00:36]} Rxe7 {[%clk 00:50:36]} {[%emt
00:00:27]} 34. Bxe7 {[%clk 00:32:30]} {[%emt 00:00:06]} Ne8 {[%clk 00:51:00]}
{[%emt 00:00:07]} 35. Nd3 {[%clk 00:30:25]} {[%emt 00:02:34]} Kf7 {[%clk
00:45:58]} {[%emt 00:05:32]} 36. Bh4 {[%clk 00:30:39]} {[%emt 00:00:14]} Ng7
{[%clk 00:45:23]} {[%emt 00:01:07]} 37. Bg3 {[%clk 00:30:28]} {[%emt 00:00:41]}
Ne8 {[%clk 00:45:31]} {[%emt 00:00:22]} 38. Nc1 {[%clk 00:30:03]} {[%emt
00:00:54]} Ke7 {[%clk 00:43:38]} {[%emt 00:02:23]} 39. Ne2 {[%clk 00:30:00]}
{[%emt 00:00:33]} Kf7 {[%clk 00:43:19]} {[%emt 00:00:49]} 40. Nc3 {[%clk
00:30:21]} {[%emt 00:00:10]} Ke7 {[%clk 00:43:06]} {[%emt 00:00:42]} 41. Nb5
{[%clk 00:30:07]} {[%emt 00:00:45]} b6 {[%clk 00:42:30]} {[%emt 00:01:06]} 42.
Bh4+ {[%clk 00:29:33]} {[%emt 00:01:03]} Kf7 {[%clk 00:40:52]} {[%emt
00:02:08]} 43. Bd8 {[%clk 00:29:41]} {[%emt 00:00:22]} Kf8 {[%clk 00:41:07]}
{[%emt 00:00:16]} 44. Nc7 {[%clk 00:29:13]} {[%emt 00:00:57]} Ng7 {[%clk
00:40:55]} {[%emt 00:00:42]} 45. Bf6 {[%clk 00:29:21]} {[%emt 00:00:21]} Kf7
{[%clk 00:40:55]} {[%emt 00:00:32]} 46. Bxg7 {[%clk 00:29:39]} {[%emt
00:00:12]} Kxg7 {[%clk 00:41:19]} {[%emt 00:00:06]} 47. Nb5 {[%clk 00:30:05]}
{[%emt 00:00:05]} Kf6 {[%clk 00:41:17]} {[%emt 00:00:30]} 48. Nxd6 {[%clk
00:30:19]} {[%emt 00:00:17]} Ke5 {[%clk 00:41:32]} {[%emt 00:00:14]} 49. Nxc8
{[%clk 00:30:27]} {[%emt 00:00:23]} b5 {[%clk 00:41:57]} {[%emt 00:00:06]} 50.
d6 {[%clk 00:30:47]} {[%emt 00:00:09]} bxc4+ {[%clk 00:42:19]} {[%emt
00:00:08]} 51. Kxc4 {[%clk 00:31:08]} {[%emt 00:00:09]} Ke6 {[%clk 00:42:44]}
{[%emt 00:00:04]} 52. Bc6 {[%clk 00:31:29]} {[%emt 00:00:09]} Kf7 {[%clk
00:42:51]} {[%emt 00:00:24]} 53. d7 {[%clk 00:31:42]} {[%emt 00:00:17]} Kg6
{[%clk 00:43:13]} {[%emt 00:00:08]} 54. d8=Q {[%clk 00:31:56]} {[%emt
00:00:15]} Kh6 {[%clk 00:43:35]} {[%emt 00:00:09]} 55. Qf6+ {[%clk 00:32:05]}
{[%emt 00:00:19]} Kh7 {[%clk 00:43:59]} {[%emt 00:00:07]} 56. Be4+ {[%clk
00:32:27]} {[%emt 00:00:08]} Kg8 {[%clk 00:44:15]} {[%emt 00:00:15]} 57. Ne7#
{[%clk 00:32:52]} {[%emt 00:00:05]} 1-0

[Event "DEM U10w 2025"]
[Site "Willingen GER"]
[Date "2025.06.12"]
[Round "7"]
[White "Bashirova, Sona"]
[Black "Giss, Annika"]
[Result "1-0"]
[Termination "normal"]
[Board "2"]
[WhiteElo "1639"]
[BlackElo "1520"]
[WhiteClock "00:27:59"]
[BlackClock "00:37:43"]
[PlyCount "51"]
[WhiteFideId "34664033"]
[BlackFideId "34673148"]
[EventCountry "GER"]
[EventRounds "9"]
[EventType "swiss"]
[EventDate "2025.06.07"]

1. d4 {[%clk 01:30:58]} {[%emt 00:00:02]} Nf6 {[%clk 01:30:54]} {[%emt
00:00:06]} 2. Bf4 {[%clk 01:31:20]} {[%emt 00:00:07]} g6 {[%clk 01:31:18]}
{[%emt 00:00:08]} 3. Nc3 {[%clk 01:31:42]} {[%emt 00:00:08]} Bg7 {[%clk
01:31:22]} {[%emt 00:00:25]} 4. e4 {[%clk 01:32:03]} {[%emt 00:00:09]} d6
{[%clk 01:31:28]} {[%emt 00:00:24]} 5. Qd2 {[%clk 01:32:23]} {[%emt 00:00:10]}
O-O {[%clk 01:30:55]} {[%emt 00:01:03]} 6. O-O-O {[%clk 01:32:44]} {[%emt
00:00:09]} a6 {[%clk 01:30:32]} {[%emt 00:00:53]} 7. Bh6 {[%clk 01:30:39]}
{[%emt 00:02:34]} b5 {[%clk 01:29:23]} {[%emt 00:01:40]} 8. f3 {[%clk
01:30:18]} {[%emt 00:00:51]} Nbd7 {[%clk 01:28:41]} {[%emt 00:01:12]} 9. h4
{[%clk 01:23:36]} {[%emt 00:07:11]} c5 {[%clk 01:27:38]} {[%emt 00:01:34]} 10.
Bxg7 {[%clk 01:20:57]} {[%emt 00:03:09]} Kxg7 {[%clk 01:27:53]} {[%emt
00:00:14]} 11. g4 {[%clk 01:20:36]} {[%emt 00:00:51]} h5 {[%clk 01:25:10]}
{[%emt 00:03:14]} 12. e5 {[%clk 01:20:01]} {[%emt 00:01:05]} Nh7 {[%clk
01:19:26]} {[%emt 00:06:14]} 13. gxh5 {[%clk 01:19:38]} {[%emt 00:00:52]} cxd4
{[%clk 01:17:35]} {[%emt 00:02:21]} 14. Qxd4 {[%clk 01:03:14]} {[%emt
00:16:54]} dxe5 {[%clk 01:16:27]} {[%emt 00:01:39]} 15. Qe4 {[%clk 01:03:16]}
{[%emt 00:00:22]} Rb8 {[%clk 01:14:36]} {[%emt 00:02:26]} 16. hxg6 {[%clk
01:01:00]} {[%emt 00:02:47]} fxg6 {[%clk 01:14:21]} {[%emt 00:00:45]} 17. Bd3
{[%clk 00:57:23]} {[%emt 00:04:07]} Qe8 {[%clk 01:09:57]} {[%emt 00:04:53]} 18.
h5 {[%clk 00:56:08]} {[%emt 00:01:45]} Bb7 {[%clk 01:09:20]} {[%emt 00:01:08]}
19. Qg4 {[%clk 00:49:46]} {[%emt 00:06:51]} Rf4 {[%clk 01:03:59]} {[%emt
00:05:51]} 20. Qg3 {[%clk 00:44:17]} {[%emt 00:05:54]} Ndf8 {[%clk 00:59:38]}
{[%emt 00:04:56]} 21. Nce2 {[%clk 00:34:19]} {[%emt 00:10:29]} Rf6 {[%clk
00:54:41]} {[%emt 00:05:26]} 22. Qxe5 {[%clk 00:32:04]} {[%emt 00:02:45]} Nd7
{[%clk 00:53:51]} {[%emt 00:01:20]} 23. Qg3 {[%clk 00:30:40]} {[%emt 00:01:48]}
Ndf8 {[%clk 00:49:51]} {[%emt 00:04:37]} 24. Nf4 {[%clk 00:28:48]} {[%emt
00:02:21]} Rc6 {[%clk 00:37:43]} {[%emt 00:12:38]} 25. Nxg6 {[%clk 00:27:59]}
{[%emt 00:01:20]} Nxg6 {[%clk 00:37:43]} {[%emt 00:00:29]} 26. Bxg6 {[%emt
00:02:26]} 1-0

[Event "DEM U10w 2025"]
[Site "Willingen GER"]
[Date "2025.06.12"]
[Round "7"]
[White "Kotliarova, Emily"]
[Black "Elsayed Esam, Sally"]
[Result "0-1"]
[Termination "normal"]
[Board "3"]
[WhiteElo "1480"]
[BlackElo "1623"]
[WhiteClock "00:18:29"]
[BlackClock "00:16:34"]
[PlyCount "120"]
[WhiteFideId "34694390"]
[BlackFideId "34662170"]
[EventCountry "GER"]
[EventRounds "9"]
[EventType "swiss"]
[EventDate "2025.06.07"]

1. e4 {[%clk 01:30:59]} c6 {[%clk 01:30:41]} {[%emt 00:00:20]} 2. d4 {[%clk
01:31:24]} {[%emt 00:00:05]} d5 {[%clk 01:30:57]} {[%emt 00:00:14]} 3. e5
{[%clk 01:31:46]} {[%emt 00:00:08]} c5 {[%clk 01:31:08]} {[%emt 00:00:18]} 4.
dxc5 {[%clk 01:32:08]} {[%emt 00:00:08]} e6 {[%clk 01:30:55]} {[%emt 00:00:43]}
5. a3 {[%clk 01:31:57]} {[%emt 00:00:41]} a5 {[%clk 01:28:36]} {[%emt
00:02:50]} 6. Be3 {[%clk 01:31:33]} {[%emt 00:00:54]} Nd7 {[%emt 00:06:40]} 7.
Bb5 {[%clk 01:30:45]} {[%emt 00:01:17]} Qc7 {[%clk 01:21:57]} {[%emt 00:01:00]}
8. Nf3 {[%clk 01:23:28]} {[%emt 00:07:47]} Bxc5 {[%clk 01:21:02]} {[%emt
00:01:24]} 9. Bxc5 {[%clk 01:19:42]} {[%emt 00:04:16]} Qxc5 {[%clk 01:21:19]}
{[%emt 00:00:12]} 10. Nc3 {[%clk 01:12:49]} {[%emt 00:07:23]} Ne7 {[%clk
01:21:05]} {[%emt 00:00:44]} 11. O-O {[%clk 01:10:52]} {[%emt 00:02:27]} O-O
{[%clk 01:21:13]} {[%emt 00:00:21]} 12. Bd3 {[%clk 01:09:31]} {[%emt 00:01:53]}
Nc6 {[%clk 01:16:35]} {[%emt 00:05:05]} 13. Qe2 {[%clk 01:05:33]} {[%emt
00:04:29]} b6 {[%clk 01:10:34]} {[%emt 00:06:31]} 14. Ng5 {[%clk 00:50:46]}
{[%emt 00:15:17]} g6 {[%clk 01:04:24]} {[%emt 00:06:40]} 15. Nf3 {[%clk
00:35:24]} {[%emt 00:15:53]} Ne7 {[%clk 00:57:32]} {[%emt 00:07:20]} 16. Qd2
{[%clk 00:33:55]} {[%emt 00:02:00]} Kg7 {[%clk 00:56:27]} {[%emt 00:01:36]} 17.
Qg5 {[%clk 00:33:19]} {[%emt 00:01:04]} Nf5 {[%clk 00:49:00]} {[%emt 00:07:58]}
18. Rad1 {[%clk 00:31:52]} {[%emt 00:01:57]} Nxe5 {[%clk 00:45:37]} {[%emt
00:03:52]} 19. Nxe5 {[%clk 00:30:53]} {[%emt 00:01:30]} f6 {[%clk 00:45:59]}
{[%emt 00:00:08]} 20. Qf4 {[%clk 00:30:42]} {[%emt 00:00:40]} Qd6 {[%clk
00:42:03]} {[%emt 00:04:27]} 21. Rfe1 {[%clk 00:29:08]} {[%emt 00:02:05]} fxe5
{[%clk 00:42:03]} {[%emt 00:00:29]} 22. Qxe5+ {[%clk 00:29:08]} {[%emt
00:00:22]} Qxe5 {[%clk 00:42:20]} {[%emt 00:00:21]} 23. Rxe5 {[%clk 00:29:32]}
{[%emt 00:00:06]} Ra7 {[%clk 00:37:49]} {[%emt 00:05:01]} 24. Nb5 {[%clk
00:29:40]} {[%emt 00:00:19]} Raf7 {[%clk 00:36:37]} {[%emt 00:01:42]} 25. Rd2
{[%clk 00:29:02]} {[%emt 00:01:11]} Kf6 {[%clk 00:34:37]} {[%emt 00:02:30]} 26.
Re1 {[%clk 00:28:48]} {[%emt 00:00:41]} Rd8 {[%clk 00:33:08]} {[%emt 00:02:01]}
27. g4 {[%clk 00:27:48]} {[%emt 00:01:30]} Nd6 {[%clk 00:31:08]} {[%emt
00:02:32]} 28. Nxd6 {[%clk 00:27:28]} {[%emt 00:00:50]} Rxd6 {[%clk 00:31:24]}
{[%emt 00:00:13]} 29. Bb5 {[%clk 00:27:24]} {[%emt 00:00:35]} Bd7 {[%clk
00:28:41]} {[%emt 00:03:12]} 30. Bxd7 {[%clk 00:27:09]} {[%emt 00:00:46]} Rfxd7
{[%clk 00:29:01]} {[%emt 00:00:09]} 31. Kg2 {[%clk 00:27:22]} {[%emt 00:00:17]}
e5 {[%clk 00:29:06]} {[%emt 00:00:25]} 32. f3 {[%clk 00:26:54]} {[%emt
00:00:58]} e4 {[%clk 00:27:28]} {[%emt 00:02:08]} 33. fxe4 {[%clk 00:27:01]}
{[%emt 00:00:23]} dxe4 {[%clk 00:23:47]} {[%emt 00:04:10]} 34. Rxd6+ {[%clk
00:26:11]} {[%emt 00:01:21]} Rxd6 {[%clk 00:24:09]} {[%emt 00:00:07]} 35. Re2
{[%clk 00:26:15]} {[%emt 00:00:27]} e3 {[%clk 00:23:20]} {[%emt 00:01:20]} 36.
Kf3 {[%clk 00:26:20]} {[%emt 00:00:25]} Rd2 {[%clk 00:23:18]} {[%emt 00:00:31]}
37. Kxe3 {[%clk 00:25:49]} {[%emt 00:01:01]} Rxe2+ {[%clk 00:23:39]} {[%emt
00:00:08]} 38. Kxe2 {[%clk 00:26:15]} {[%emt 00:00:05]} Kg5 {[%clk 00:24:04]}
{[%emt 00:00:05]} 39. h3 {[%clk 00:25:00]} {[%emt 00:01:45]} Kh4 {[%clk
00:24:25]} {[%emt 00:00:09]} 40. Kf3 {[%clk 00:25:24]} {[%emt 00:00:06]} Kxh3
{[%clk 00:21:56]} {[%emt 00:02:58]} 41. b4 {[%clk 00:25:43]} {[%emt 00:00:12]}
Kh4 {[%clk 00:14:19]} {[%emt 00:08:05]} 42. bxa5 {[%clk 00:20:12]} {[%emt
00:06:04]} bxa5 {[%clk 00:13:21]} {[%emt 00:01:27]} 43. c4 {[%clk 00:16:50]}
{[%emt 00:03:52]} Kg5 {[%clk 00:13:31]} {[%emt 00:00:20]} 44. c5 {[%clk
00:17:14]} {[%emt 00:00:07]} Kf6 {[%clk 00:13:49]} {[%emt 00:00:11]} 45. c6
{[%clk 00:17:24]} {[%emt 00:00:21]} Ke7 {[%clk 00:14:11]} {[%emt 00:00:07]} 46.
Kf4 {[%clk 00:17:48]} {[%emt 00:00:07]} Kd6 {[%clk 00:14:09]} {[%emt 00:00:32]}
47. c7 {[%clk 00:18:08]} {[%emt 00:00:10]} Kxc7 {[%clk 00:14:22]} {[%emt
00:00:16]} 48. Kg5 {[%clk 00:18:34]} {[%emt 00:00:05]} Kd6 {[%clk 00:14:17]}
{[%emt 00:00:34]} 49. Kh6 {[%clk 00:16:17]} {[%emt 00:02:48]} Ke5 {[%clk
00:14:27]} {[%emt 00:00:20]} 50. Kxh7 {[%clk 00:16:01]} {[%emt 00:00:45]} g5
{[%clk 00:14:32]} {[%emt 00:00:26]} 51. Kg6 {[%clk 00:15:03]} {[%emt 00:01:27]}
Kf4 {[%clk 00:14:54]} {[%emt 00:00:08]} 52. Kf6 {[%clk 00:15:06]} {[%emt
00:00:27]} Kxg4 {[%clk 00:15:16]} {[%emt 00:00:07]} 53. Ke5 {[%clk 00:15:32]}
{[%emt 00:00:05]} Kf3 {[%clk 00:15:12]} {[%emt 00:00:32]} 54. Kd5 {[%clk
00:15:58]} {[%emt 00:00:06]} g4 {[%clk 00:15:30]} {[%emt 00:00:12]} 55. Kc5
{[%clk 00:16:24]} {[%emt 00:00:05]} g3 {[%clk 00:15:55]} {[%emt 00:00:04]} 56.
Kb5 {[%clk 00:16:50]} {[%emt 00:00:05]} g2 {[%clk 00:16:13]} {[%emt 00:00:10]}
57. Kxa5 {[%clk 00:17:19]} g1=Q {[%clk 00:16:11]} {[%emt 00:00:34]} 58. a4
{[%clk 00:17:45]} {[%emt 00:00:04]} Qa7+ {[%clk 00:16:16]} {[%emt 00:00:25]}
59. Kb5 {[%clk 00:18:05]} {[%emt 00:00:11]} Ke4 {[%clk 00:16:40]} {[%emt
00:00:05]} 60. a5 {[%clk 00:18:29]} {[%emt 00:00:07]} Qb7+ {[%clk 00:16:34]}
{[%emt 00:00:35]} 0-1

[Event "DEM U10w 2025"]
[Site "Willingen GER"]
[Date "2025.06.12"]
[Round "7"]
[White "Helbig, Frieda"]
[Black "Artarov, Rina"]
[Result "1-0"]
[Termination "normal"]
[Board "4"]
[WhiteElo "1449"]
[BlackElo "1282"]
[WhiteClock "00:23:18"]
[BlackClock "00:24:42"]
[PlyCount "109"]
[WhiteFideId "533010161"]
[BlackFideId "34692541"]
[EventCountry "GER"]
[EventRounds "9"]
[EventType "swiss"]
[EventDate "2025.06.07"]

1. d4 {[%clk 01:30:55]} {[%emt 00:00:05]} Nf6 {[%clk 01:30:49]} {[%emt
00:00:11]} 2. Bf4 {[%clk 01:31:00]} {[%emt 00:00:26]} d5 {[%clk 01:31:03]}
{[%emt 00:00:14]} 3. e3 {[%clk 01:31:00]} {[%emt 00:00:30]} c5 {[%clk
01:31:20]} {[%emt 00:00:12]} 4. c3 {[%clk 01:30:48]} {[%emt 00:00:44]} Nc6
{[%clk 01:31:32]} {[%emt 00:00:19]} 5. Nd2 {[%clk 01:31:00]} {[%emt 00:00:19]}
Bf5 {[%clk 01:31:33]} {[%emt 00:00:27]} 6. Ngf3 {[%clk 01:31:00]} {[%emt
00:00:31]} e6 {[%clk 01:31:43]} {[%emt 00:00:20]} 7. Be2 {[%clk 01:31:00]}
{[%emt 00:00:30]} Bd6 {[%clk 01:31:30]} {[%emt 00:00:43]} 8. Ne5 {[%clk
01:30:03]} {[%emt 00:01:25]} O-O {[%clk 01:30:59]} {[%emt 00:01:03]} 9. O-O
{[%clk 01:30:00]} {[%emt 00:00:33]} Qc7 {[%clk 01:30:37]} {[%emt 00:00:52]} 10.
Ndf3 {[%clk 01:28:12]} {[%emt 00:02:17]} Be4 {[%clk 01:22:25]} {[%emt
00:08:43]} 11. Bg3 {[%clk 01:26:29]} {[%emt 00:02:12]} Nh5 {[%clk 01:15:10]}
{[%emt 00:07:47]} 12. Nxc6 {[%clk 01:21:00]} {[%emt 00:06:00]} Nxg3 {[%clk
01:14:53]} {[%emt 00:00:46]} 13. hxg3 {[%clk 01:20:07]} {[%emt 00:01:24]} bxc6
{[%clk 01:15:13]} {[%emt 00:00:10]} 14. Bd3 {[%clk 01:17:00]} {[%emt 00:03:37]}
f5 {[%clk 01:13:20]} {[%emt 00:02:23]} 15. Ng5 {[%clk 01:13:24]} {[%emt
00:04:03]} Rf6 {[%clk 01:13:39]} {[%emt 00:00:12]} 16. Be2 {[%clk 01:10:09]}
{[%emt 00:03:41]} Rh6 {[%clk 00:58:01]} {[%emt 00:16:12]} 17. Bh5 {[%clk
00:59:46]} {[%emt 00:10:52]} g6 {[%clk 00:50:37]} {[%emt 00:07:55]} 18. Be2
{[%clk 00:58:23]} {[%emt 00:01:49]} Re8 {[%clk 00:47:58]} {[%emt 00:03:13]} 19.
Rc1 {[%clk 00:45:09]} {[%emt 00:13:42]} Qb8 {[%clk 00:40:24]} {[%emt 00:08:04]}
20. Qb3 {[%clk 00:40:55]} {[%emt 00:04:42]} c4 {[%clk 00:38:48]} {[%emt
00:02:11]} 21. Qxb8 {[%clk 00:40:15]} {[%emt 00:01:10]} Rxb8 {[%clk 00:39:08]}
{[%emt 00:00:09]} 22. f3 {[%clk 00:38:36]} {[%emt 00:02:09]} Rxb2 {[%clk
00:39:20]} {[%emt 00:00:19]} 23. Rfe1 {[%clk 00:38:38]} {[%emt 00:00:27]} Bxg3
{[%clk 00:39:40]} {[%emt 00:00:10]} 24. fxe4 {[%clk 00:38:12]} {[%emt
00:00:56]} Bxe1 {[%clk 00:39:48]} {[%emt 00:00:22]} 25. Rxe1 {[%clk 00:38:31]}
{[%emt 00:00:11]} dxe4 {[%clk 00:40:10]} {[%emt 00:00:09]} 26. Bxc4 {[%clk
00:38:05]} {[%emt 00:00:56]} Rc2 {[%clk 00:40:03]} {[%emt 00:00:37]} 27. Bxe6+
{[%clk 00:38:12]} {[%emt 00:00:22]} Kg7 {[%clk 00:39:11]} {[%emt 00:00:57]} 28.
Bb3 {[%clk 00:35:57]} {[%emt 00:03:08]} Rxc3 {[%clk 00:38:56]} {[%emt
00:00:47]} 29. Ne6+ {[%clk 00:36:00]} {[%emt 00:00:25]} Kf6 {[%clk 00:38:54]}
{[%emt 00:00:34]} 30. Nc5 {[%clk 00:35:10]} {[%emt 00:01:18]} Kg5 {[%clk
00:37:11]} {[%emt 00:02:15]} 31. Kf2 {[%clk 00:33:46]} {[%emt 00:01:52]} Kg4
{[%clk 00:37:16]} {[%emt 00:00:27]} 32. Bd1+ {[%clk 00:33:33]} {[%emt
00:00:40]} Kg5 {[%clk 00:37:35]} {[%emt 00:00:13]} 33. Ne6+ {[%clk 00:33:43]}
{[%emt 00:00:16]} Kf6 {[%clk 00:37:53]} {[%emt 00:00:17]} 34. Nf4 {[%clk
00:32:43]} {[%emt 00:01:20]} g5 {[%clk 00:37:45]} {[%emt 00:00:48]} 35. Nh3
{[%clk 00:32:22]} {[%emt 00:00:46]} Rh4 {[%clk 00:36:47]} {[%emt 00:01:34]} 36.
Ba4 {[%clk 00:30:02]} {[%emt 00:02:49]} g4 {[%clk 00:33:32]} {[%emt 00:03:44]}
37. Nf4 {[%clk 00:28:05]} {[%emt 00:02:24]} Rc4 {[%clk 00:31:47]} {[%emt
00:02:18]} 38. Bb3 {[%clk 00:27:54]} {[%emt 00:00:42]} Rb4 {[%clk 00:32:07]}
{[%emt 00:00:11]} 39. d5 {[%clk 00:27:21]} {[%emt 00:01:03]} cxd5 {[%clk
00:31:47]} {[%emt 00:00:50]} 40. Nxd5+ {[%clk 00:27:24]} {[%emt 00:00:24]} Ke5
{[%clk 00:31:20]} {[%emt 00:00:59]} 41. Nxb4 {[%clk 00:27:43]} {[%emt
00:00:11]} Rh6 {[%clk 00:30:23]} {[%emt 00:01:27]} 42. Nd5 {[%clk 00:27:43]}
{[%emt 00:00:29]} Rg6 {[%clk 00:29:49]} {[%emt 00:01:05]} 43. g3 {[%clk
00:27:52]} {[%emt 00:00:21]} a5 {[%clk 00:28:48]} {[%emt 00:01:32]} 44. a4
{[%clk 00:27:13]} {[%emt 00:01:09]} Rg7 {[%clk 00:28:52]} {[%emt 00:00:25]} 45.
Rb1 {[%clk 00:26:14]} {[%emt 00:01:28]} Rb7 {[%clk 00:28:05]} {[%emt 00:01:18]}
46. Ke2 {[%clk 00:25:42]} {[%emt 00:01:01]} h5 {[%emt 00:01:06]} 47. Kf2 {[%clk
00:25:54]} {[%emt 00:00:17]} Rh7 {[%clk 00:27:38]} {[%emt 00:00:23]} 48. Nb6
{[%clk 00:26:06]} {[%emt 00:00:17]} Kf6 {[%clk 00:26:53]} {[%emt 00:01:16]} 49.
Nd5+ {[%clk 00:25:35]} {[%emt 00:01:01]} Kg5 {[%clk 00:27:01]} {[%emt
00:00:21]} 50. Nf4 {[%clk 00:25:55]} {[%emt 00:00:10]} Rh8 {[%clk 00:24:52]}
{[%emt 00:02:41]} 51. Ne6+ {[%clk 00:25:22]} {[%emt 00:01:03]} Kf6 {[%clk
00:25:04]} {[%emt 00:00:17]} 52. Rc1 {[%clk 00:25:08]} {[%emt 00:00:44]} Rb8
{[%clk 00:25:16]} {[%emt 00:00:18]} 53. Rc6 {[%clk 00:25:08]} {[%emt 00:00:29]}
Ke7 {[%clk 00:24:27]} {[%emt 00:01:20]} 54. Nd4 {[%clk 00:23:10]} {[%emt
00:02:27]} Kd7 {[%clk 00:24:42]} {[%emt 00:00:16]} 55. Be6+ {[%clk 00:23:18]}
{[%emt 00:00:22]} 1-0